000 00313nam a22001337a 4500
008 170929b xxu||||| |||| 00| 0 eng d
020 _a2900534626630
041 _aeng
080 _a37
100 _a47
101 _aEDU
245 _aINTRODUCTION TO LOGIC AND CRITICAL THINKING
_cSALMON, M.H
942 _2udc
_cBK
999 _c30781
_d30781